Từ điển chính tả tiếng Việt phổ thông

Salvato in:
Dettagli Bibliografici
Autore principale: Nguyễn, Văn Khang
Natura: Libro
Lingua:Undetermined
Pubblicazione: Hà Nội Khoa học Xã hội 2003
Soggetti:
Tags: Aggiungi Tag
Nessun Tag, puoi essere il primo ad aggiungerne! !
Thư viện lưu trữ: Trung tâm Học liệu Trường Đại học Cần Thơ
LEADER 00606nam a2200205Ia 4500
001 CTU_100158
008 210402s9999 xx 000 0 und d
020 |c 72000 
082 |a 495.9223 
082 |b Kh106 
100 |a Nguyễn, Văn Khang 
245 0 |a Từ điển chính tả tiếng Việt phổ thông 
245 0 |c Nguyễn Văn Khang 
260 |a Hà Nội 
260 |b Khoa học Xã hội 
260 |c 2003 
650 |a Vietnamese language 
650 |x Orthography and spelling 
904 |i Hiếu 
980 |a Trung tâm Học liệu Trường Đại học Cần Thơ